000 01023nam a22003017a 4500
003 CHAP
005 20220329140726.0
008 971013s1983 r 00010 d
010 _a56612
011 _a57584
035 _a61739
040 _cCHAP
090 _aTesis
100 0 0 _aSoberón Mobarak, Alicia.
_9108018
245 _aEspecificaciones técnicas para la construcción de un centro de recría para becerras de reemplazo
260 _aMéxico, D.F. :
_bEl autor,
_c1983
300 _a43 h.
_b: ilus.
502 _aTesis (Médico Veterinario Zootecnista) -- UNAM. Fac. de Medicina Veterinaria y Zootecnia
590 _aALEPH
_b10
_c20130110
_lUCH01
_h1334
590 _aBATCH-UPD
_b10
_c20130110
_lUCH01
_h0732
590 _aBATCH-UPD
_b10
_c20130410
_lUCH01
_h0415
590 _aBATCH-UPD
_b10
_c20130914
_lUCH01
_h1518
590 _aCONVERSION
_b10
_c20130109
_lUCH01
_h1330
650 1 4 _aGanado lanar
_xAlojamiento.
_945154
901 _aBK
942 _cTESIS
949 _bBC
_cTES
_d-132552
_eTS1
_h17235
_i61739
_si
999 _c56612
_d56612